000 00396nam a22001697a 4500
005 20200520154344.0
008 200520b xxu||||| |||| 00| 0 eng d
020 _a9788174734426
041 _aeng
082 _a612 KUM
100 _aKumar N
_95159
245 _aBasic Anatomy and Physiology
260 _aDelhi
_bAITBS PUBLISHERS
300 _a314p.
650 _aPharmacy
_95654
942 _cBK
999 _c6354
_d6352